00000000nam##2200000za#4500
0019.523887
003CaOODSP
00520210615083026
007ta
008150406|1997||||xxc|||||     f|0| 0 fre|d
020 |a0-660-59608-3
022 |a0706-148X
040 |aCaOODSP|bfre
041 |aeng
041 |afre
043 |an-cn---
0861 |aS52-2/228-1996
1101 |aCanada.|bTravaux publics et Services gouvernementaux Canada. |bServices de traduction.
24510|aVocabulaire de géologie. Gîtologie-métallogénie / |cpar Mariette Grandchamp-Tupula.
260 |aOttawa - Ontario : |bTravaux publics et Services gouvernementaux Canada. |c1997.
300 |a476p. ; |c22 cm.
4901 |aBulletin de terminologie|x0706-148X|v228
500 |a«La gîtologie, étude de la formation des gîtes minéraux, et la métallogénie, étude de la formation des gîtes métallifères, sont au nombre des sciences de la Terre et constituent un domaine du génie minier.»--Avant-propos.
5203 |aBulletin de terminologie 228. A la demande de la Commission géologique du Canada, un projet visant à produire une liste des termes de gîtologie et de métallogénie a été mis sur pied. Cette publication est la version la plus récente de ce vocabulaire, qui comprend quelque 2 300 entrées, la plupart accompagnées d'une définition, d'une mise en contexte et d'une note explicative. Il s'agit d'un outil de référence extrêmement utile non seulement pour les traducteurs, les terminologues et les rédacteurs, mais également pour quiconque s'intéresse à l'exploitation minière et aux sciences de la terre.
546 |aBilingue
563 |aCouverture souple
590 |a97-13|b1997-03-27
69107|aTerminologie|2gcpds
69107|aGéologie|2gcpds
7201 |aGrandchamp-Tupula, Mariette
7760#|tVocabulary of geology. Gitology-metallogeny / |w(CaOODSP)9.590561
791 |tVocabulary of geology. Gitology-metallogeny / |eeng|w(CaOODSP)9.523886
830#0|aBulletin de terminologie,|x0706-148X|v228|w(CaOODSP)9.509599